000 00592nam a22002177a 4500
003 OSt
005 20140310184518.0
008 131016t xxu||||| |||| 00| 0 eng d
020 _a0531122522
050 _aTA 1149
_b.M67 1990
100 _aMorris, Ann
_929586
245 _aOn the go /
_cAnn Morris; photographs by Ken Heyman
260 _aNew York, NY :
_bScholastic Inc.,
_c1990.
300 _a28 p. :
_bill. col. ;
_c21 cm.
521 _aG2
526 _c480
650 _aTransportation
_xEngineering
_930352
942 _2lcc
_cBK-SCHOLAS
999 _c34977
_d34977